| 000 | 00515cam a2200157 4500 | ||
|---|---|---|---|
| 082 | 0 | 0 |
_a491.439 _bHAI |
| 100 | 1 |
_aHaidari, Mohamed Akbar Khan. _938869 |
|
| 245 | 1 | 4 |
_aThe army Urdu teacher; _bofficial text-book for British service Urdu test (for other ranks) |
| 250 | _a3rd ed. | ||
| 260 |
_aBritish, _bHaidari's Oriental Book Depot, _c1930. |
||
| 300 |
_aviii, 192 p. _c16 cm. |
||
| 526 |
_a0 _b0 _c0 _d491_439000000000000_HAI |
||
| 650 | 0 |
_aMCE _9379 |
|
| 650 | 0 |
_aUrdu language _xEnglish. _938870 |
|
| 942 |
_2ddc _cBK |
||
| 999 |
_c543491 _d543491 |
||